LEADER 01114nam a2200253 4500 001 000000331095 003 CaOOAMICUS 005 20181109124430.0 008 181108s1996 it a 000 u ita r 040 $aSeMil$bita 100 1 $aFavole, Paolo.$0(OLS)http://semarc/name/41960 245 10$aMilano genius loci :$btrenta proposte per la cittą di Milano /$cPaolo Favole, Antonio Faraone. 264 1$aMilano :$bRotary club Milano Giardini,$c1996. 300 $a147 p. :$bill. ;$c31 cm 541 1 $aFondo Card. Angelo Scola 650 4$aMilano - Architettura - Progetti.$0(OLS)http://semarc/subject/47823 650 4$aMilano - Urbanistica.$0(OLS)http://semarc/subject/10280 700 1 $aFaraone, Antonio.$0(OLS)http://semarc/name/108459 850 $aSeMil 852 $aSeMil$W1$xVenegono$y1$m3O VI 266$j210157$B224207$CSeMilBibl$Z2$F224207 $81 941 1 $a6 996 $6245$aMilano genius loci :$btrenta proposte per la cittą di Milano$9(OLS)http://semarc/title/419774 996 $6264$aMilano :$bRotary club Milano Giardini$9(OLS)http://semarc/publisher/57985 LEADER 00849nam a2200205 i 4500 001 000000025795 003 CaOOAMICUS 005 20180830125447.0 008 180830s1881 it u000 u ita u 040 $aSeMil$bita 100 1 $aFornari, Vito,$d<1821-1900>.$0(OLS)http://semarc/name/4711 245 10$aDell'arte del dire :$blezioni /$cdi Vito Fornari. 250 $a5. ed. riveduta e corretta dall'autore. 260 $aNapoli :$bpresso Riccardo Marghieri,$c1881. 300 $a2 v. ;$c21 cm. 650 4$aOratoria - Insegnamento.$0(OLS)http://semarc/subject/4107 774 0 $aFornari, Vito <1821-1900>$tVol. 1.$g1$w()208277 774 0 $aFornari, Vito <1821-1900>$tVol. 2.$g2$w()208278 996 $6245$aDell'arte del dire :$blezioni$9(OLS)http://semarc/title/34752 996 $6260$aNapoli :$bpresso Riccardo Marghieri$9(OLS)http://semarc/publisher/36620